000 00669nam a2200205Ii 4500
003 JO-AjNU
008 230605s9999||||xx |||||||||||||| ||und||
040 _aJO-AjNU
_bara
_erda
_cJO-AjNU
041 _aara
050 1 4 _aHF5655.A7.Y37 1900Z
100 3 _aتأليف: عبد السيد، يسى,
_eauthor
_919701
245 0 0 _aالمحاسبة العملية الحديثة
250 _aط11 معدلة
264 3 1 _aالقاهرة: مكتبة نشر الثقافة التجارية، 1900Z
300 _a375ص
336 _atext
_btxt
_2rdacontent
337 _aunmediated
_bn
_2rdamedia
338 _avolume
_bnc
_2rdacarrier
650 4 _aالمحاسبة
_919702
999 _aA6548
_c10116
_d10116